Mohabbat ki Aik so aik Nazmein (Record no. 322946)
[ view plain ]
| 000 -LEADER | |
|---|---|
| fixed length control field | 00246 a2200097 4500 |
| 001 - CONTROL NUMBER | |
| control field | 87873 |
| 003 - CONTROL NUMBER IDENTIFIER | |
| control field | NUST |
| 005 - DATE AND TIME OF LATEST TRANSACTION | |
| control field | 20180124143927.0 |
| 008 - FIXED-LENGTH DATA ELEMENTS--GENERAL INFORMATION | |
| fixed length control field | 180124b xxu||||| |||| 00| 0 eng d |
| 082 ## - DEWEY DECIMAL CLASSIFICATION NUMBER | |
| Classification number | 891.439 MUN |
| 245 ## - TITLE STATEMENT | |
| Title | Mohabbat ki Aik so aik Nazmein |
| Statement of responsibility, etc. | Munno Bhai |
| Medium | urdu |
| 260 ## - PUBLICATION, DISTRIBUTION, ETC. | |
| Place of publication, distribution, etc. | lahore |
| Name of publisher, distributor, etc. | Sang-e-Meel |
| 942 ## - ADDED ENTRY ELEMENTS (KOHA) | |
| Institution code [OBSOLETE] | CAE NUST |
| Koha item type | Book |
| Call number prefix | 891.439 MUN |
| Source of classification or shelving scheme | |
| Withdrawn status | Lost status | Damaged status | Not for loan | Collection code | Permanent Location | Current Location | Date acquired | Total Checkouts | Full call number | Barcode | Date last seen | Price effective from | Koha item type |
|---|---|---|---|---|---|---|---|---|---|---|---|---|---|
| College of Aeronautical Engineering (CAE) | College of Aeronautical Engineering (CAE) | 04/03/2017 | 891.439 MUN | CAEN-3946 | 04/05/2017 | 04/05/2017 | Book |
